000
00315nam a2200145Ia 4500
100
_a
University of Mumbai
650
_a
Compendium
490
_v
1
942
_c
BK
245
_a
Compendium Vol.1
260
_b
University of Mumbai
_c
2009
082
_a
378.155
_b
UNI
546
_a
ENGLISH
_c
Computers
999
_c
18910
_d
18910